| 000 | 00688nam a2200241Ia 4500 | ||
|---|---|---|---|
| 003 | OSt | ||
| 005 | 20220928112130.0 | ||
| 006 | a|||||r|||| 00| 0 | ||
| 007 | ta | ||
| 008 | 220927b |||||||| |||| 00| 0 eng d | ||
| 024 | _a27054 | ||
| 037 | _cTextual | ||
| 040 |
_aSDCL _cSDCL _beng |
||
| 041 |
_2eng _aeng |
||
| 082 | _aX9W:8F.3'N8, M5 | ||
| 100 |
_aHopwood Anthony Ed. _9426510 |
||
| 245 | 0 | _aIssues in Public sector accounting | |
| 260 |
_aDelhi _bHeritage Publishers _c1985 |
||
| 300 |
_aix,247p _ccm. |
||
| 700 |
_a Tomkins Cyril Ed. _9426511 |
||
| 942 |
_hX9W:8F.3'N8, M5 _cTEXL _2CC |
||
| 999 |
_c743448 _d743448 |
||